00765nam a2200193 a 450000100100000000500170001000800410002702000150006804000250008310000360010824500750014426000270021930000210024649000510026771000720031883000580039095201060044899900170055400004163020201002035657.0131014s2001 sp 000 0 spa d a8400097418 aDO-SdBNPbspacBNPHU1 aMariné Isidro, María96841310aFíbulas Romanas en Hispania :bla Meseta /cMaría Mariné Isidro. aMadrid :bCSIC,c2001. a503 p. ;c27 cm.1 aAnejos de archivo español de arqueologiav242 aConsejo Superior de Investigaciones Científicas (España)915178 0aAnejos de archivo español de arqueologiav24968414 0010507-18MOaGRbGRcOId2013-10-14iLF1l0o p41630-10r2020-06-25w2020-06-25y1ZNo se presta c41120d41120